000
00293nam a22001337a 4500
008
171012b xxu||||| |||| 00| 0 eng d
020
_a
9781891487569
041
_a
eng
080
_a
316
100
_a
50
101
_a
SOC
245
_a
INVESTIGATING DEVIANCE
_c
JACOBS.B.A
942
_2
udc
_c
BK
999
_c
33431
_d
33431